|
|
|
|
| LEADER |
00874nab a2200205 i 4500 |
| 001 |
misc55730 |
| 005 |
20221006123612.0 |
| 008 |
200506s1933 hu o 0|| hun d |
| 040 |
|
|
|a SZTE Miscellanea Repozitórium
|b hun
|
| 041 |
|
|
|a hun
|
| 100 |
1 |
|
|a Alföldi András
|
| 245 |
1 |
2 |
|a A kettős királyság a nomádoknál
|h [elektronikus dokumentum] :
|b tanulmányok a királyság intézményének az északázsiai lovasnépeknél való kialakulásához /
|c Alföldi András
|
| 260 |
|
|
|a Sárkány
|b Budapest
|c 1933
|
| 300 |
|
|
|a 28-39
|
| 490 |
0 |
|
|a Emlékkönyv Károlyi Árpád születése nyolcvanadik fordulójának ünnepére 1933 október 7.
|
| 561 |
|
|
|a Németh Gyula hagyaték
|
| 650 |
|
4 |
|a Bölcsészettudományok
|
| 650 |
|
4 |
|a Történettudomány és régészet
|
| 695 |
|
|
|a Nomádok - Ázsia
|
| 856 |
4 |
0 |
|u http://misc.bibl.u-szeged.hu/55730/1/092_noa_a37.pdf
|z Dokumentum-elérés
|